<?xml version="1.0" encoding="UTF-8"?>
<record
    xmlns:xsi="http://www.w3.org/2001/XMLSchema-instance"
    xsi:schemaLocation="http://www.loc.gov/MARC21/slim http://www.loc.gov/standards/marcxml/schema/MARC21slim.xsd"
    xmlns="http://www.loc.gov/MARC21/slim">

  <leader>01294cam a22002651  4500</leader>
  <controlfield tag="001">e  58000006 </controlfield>
  <controlfield tag="003">DLC</controlfield>
  <controlfield tag="005">20260227111236.0</controlfield>
  <controlfield tag="008">740130s1957    xx            000 0 eng  </controlfield>
  <datafield tag="010" ind1=" " ind2=" ">
    <subfield code="a">e  58000006 </subfield>
  </datafield>
  <datafield tag="035" ind1=" " ind2=" ">
    <subfield code="a">(OCoLC)785837</subfield>
  </datafield>
  <datafield tag="040" ind1=" " ind2=" ">
    <subfield code="a">DLC</subfield>
    <subfield code="c">OClU</subfield>
    <subfield code="d">OCoLC</subfield>
    <subfield code="d">DLC</subfield>
  </datafield>
  <datafield tag="042" ind1=" " ind2=" ">
    <subfield code="a">premarc</subfield>
  </datafield>
  <datafield tag="050" ind1="0" ind2="0">
    <subfield code="a">L111</subfield>
    <subfield code="b">.A6 1957, no. 11</subfield>
  </datafield>
  <datafield tag="051" ind1=" " ind2=" ">
    <subfield code="a">LC4691</subfield>
    <subfield code="b">.M3</subfield>
  </datafield>
  <datafield tag="082" ind1=" " ind2=" ">
    <subfield code="a">371.92</subfield>
  </datafield>
  <datafield tag="100" ind1="1" ind2=" ">
    <subfield code="a">Mackie, Romaine Prior,</subfield>
    <subfield code="d">1899-</subfield>
  </datafield>
  <datafield tag="245" ind1="1" ind2="0">
    <subfield code="a">Teachers of children who are socially and emotionally maladjusted,</subfield>
    <subfield code="c">prepared by Romaine P. Mackie [and others]  A report based on findings from the study "Qualification and preparation of teachers of exceptional children" [conducted by the Office of Education with the special help of the Association for the Aid of Crippled Children, New York City.</subfield>
  </datafield>
  <datafield tag="260" ind1=" " ind2=" ">
    <subfield code="a">Washington]</subfield>
    <subfield code="b">U.S. Dept. of Health, Education, and Welfare, Office of Education</subfield>
    <subfield code="c">[1957]</subfield>
  </datafield>
  <datafield tag="300" ind1=" " ind2=" ">
    <subfield code="a">xi, 92p.</subfield>
    <subfield code="b">illus.</subfield>
    <subfield code="c">24cm.</subfield>
  </datafield>
  <datafield tag="490" ind1="0" ind2=" ">
    <subfield code="a">U. S.  Office of Education.  Bulletin 1957,</subfield>
    <subfield code="v">no. 11</subfield>
  </datafield>
  <datafield tag="501" ind1=" " ind2=" ">
    <subfield code="a">Copy 2 of L111.A6 with: Costs of attending college / Victor Ernest Hollis. Washington : Govt. Print. Off., 1957. Bound together subsequent to publication.</subfield>
    <subfield code="5">DLC</subfield>
  </datafield>
  <datafield tag="650" ind1=" " ind2="0">
    <subfield code="a">Problem children</subfield>
    <subfield code="x">Education</subfield>
  </datafield>
  <datafield tag="710" ind1="2" ind2=" ">
    <subfield code="a">Association for the Aid of Crippled Children.</subfield>
  </datafield>
  <datafield tag="999" ind1=" " ind2=" ">
    <subfield code="c">22290</subfield>
    <subfield code="d">22290</subfield>
  </datafield>
</record>
